Pla d'acció cultural de Ripollet
Publicado:
Barcelona :
Diputació de Barcelona. Àrea de Cultura. Centre d'Estudis i Recursos Culturals (CERC) : Ajuntament de Ripollet : Patronat Municipal de Cultura i Joventut ,
2007
Descripción Física:
73 p. : il. ; 30 cm
MARC
| LEADER | 00000nam a2200000Ia 4500 | ||
|---|---|---|---|
| 001 | 19063 | ||
| 008 | 160829s2007 xx 000 0 cat d | ||
| 080 | |a M-3-263 | ||
| 245 | |a Pla d'acció cultural de Ripollet | ||
| 260 | |a Barcelona : |b Diputació de Barcelona. Àrea de Cultura. Centre d'Estudis i Recursos Culturals (CERC) : |b Ajuntament de Ripollet : |b Patronat Municipal de Cultura i Joventut, |c 2007 | ||
| 300 | |a 73 p. : |b il. ; |c 30 cm | ||
| 651 | 0 | |a Ripollet (Catalunya) |x Política cultural |9 55159 | |
| 710 | 1 | |a Barcelona (Catalunya : Província). |b Centre d'Estudis i Recursos Culturals |9 52487 | |
| 710 | 1 | |a Barcelona (Catalunya : Província). |b Àrea de Cultura |9 53536 | |
| 710 | |a Ripollet (Catalunya). |b Ajuntament |9 55414 | ||
| 901 | |a Arxiu | ||
| 942 | |n 1 | ||
| 952 | |0 0 |1 0 |4 0 |6 M3263 |7 1 |9 52183 |a Arxiu |b Arxiu |d 2016-12-01 |l 0 |o M-3-263 |p 19063 |r 2016-12-01 00:00:00 |w 2016-12-01 |y ARXIU | ||
| 999 | |c 56031 |d 56031 | ||